Rodina a její význam v římském právu /

Hlavní autor: Stará, Ivana
Jazyk: Čeština
Vydáno: Ostrava : Brno : Key Publishing ;European Society for History of Law, 2013
Vydání: Vyd. 1.
Edice: Monografie (Key Publishing)
Témata:
Fyzický popis: 136 s. ; 24 cm
Language note: České a anglické resumé
Knihy
Uloženo v:
LEADER 01793nam a2200517 a 4500
001 nkc20132497492
003 CZ PrNK
005 20140320100434.0
007 ta
008 130909s2013 xr f 000 0 cze
015 |a cnb002497492 
020 |a 978-80-7418-184-9  |q (Key Publishing :  |q brož.) 
020 |a 978-80-87475-30-0  |q (European Society for History of Law :  |q brož.) 
035 |a (OCoLC)872337715 
040 |a OLA001  |b cze  |d ABA001 
041 0 |a cze  |b cze  |b eng 
043 |a e------  |a ff-----  |a aw----- 
072 7 |a 347  |x Soukromé právo  |2 Konspekt  |9 16 
080 |a 173  |2 MRF 
080 |a 340.15  |2 MRF 
080 |a 347.61/.64  |2 MRF 
080 |a (37)  |2 MRF 
080 |a (048.8)  |2 MRF 
100 1 |a Stará, Ivana  |7 xx0141578  |4 aut 
245 1 0 |a Rodina a její význam v římském právu /  |c Ivana Stará 
250 |a Vyd. 1. 
260 |a Ostrava :  |b Key Publishing ;  |a Brno :  |b European Society for History of Law,  |c 2013 
300 |a 136 s. ;  |c 24 cm 
490 1 |a Monografie 
504 |a Obsahuje bibliografii a bibliografické odkazy 
546 |a České a anglické resumé 
650 0 7 |a rodina  |7 ph117260  |z starověký Řím  |2 czenas 
650 0 7 |a římské právo  |7 ph128319  |2 czenas 
650 0 7 |a rodinné právo  |7 ph116052  |z starověký Řím  |2 czenas 
650 0 9 |a family  |z ancient Rome  |2 eczenas 
650 0 9 |a Roman law  |2 eczenas 
650 0 9 |a family law  |z ancient Rome  |2 eczenas 
655 7 |a monografie  |7 fd132842  |2 czenas 
655 9 |a monographs  |2 eczenas 
830 0 |a Monografie (Key Publishing)  |0 s 
910 2 |a BOA001  |b 2-1319.887 
928 9 |a European Society for History of Law 
990 |a BK 
995 |a 01 
991 |b 201402  |c NOV  |e n 
996 6 |b 2610580978  |c 2-1319.887  |l MZK  |r Sklad / do 1 hodiny  |n 4  |p p.v.  |w 001400803  |u 000010  |a 1  |e BOA001  |j MZK50  |s P